000 00190 a2200085 4500
001 61683
090 _c37119
_d37119
245 _aProbability and statistics
260 _aVirginia
_bstate university
_c2002
942 _aNUST-CAE
999 _c296756
_d296756